00626nam a22002057a 45000010005000000030006000050050017000110080041000280200018000690400029000870500008001161000021001242450076001452600047002213000058002685050008003265210029003345210020003637000037003838812FISKH20251021153836.0251021b cb ||||| |||| 00| 0 eng d a9780816765843 aFISKHbengcFISKHdFISKH aPZ7 aColuombo, Luann  aDo you really know your pet ? :bA pet science kit /cBy Luann Colombo  aNJ :bTroll Communications L.L.C., c2000. a16 unnumbered pages :billustrations ;c14 * 21 cm .  aK 8 a510 bLexile estimate 8 aK bRaz-Plus  aGeorrgeson , PetereIllustrator